• 首页
  • 本馆介绍
  • 公告通知
  • 最新文献
  • 馆藏检索
  • 电子资源
  • 读者导购
  • 参考咨询
  • 我的图书馆
  • 登录
  • 详细信息显示
  • 放入我的书架
  • 预约/预借图书
  • 作者相关作品
  • 分类相关作品
  • 丛书相关作品
  • 出版社相关作品

书目信息

  • 表格格式
  • 工作单格式
  • 卡片格式
题名:
粮安天下
    
 
作者: 尹成杰 著
分册:  
出版信息: 北京   中国经济出版社  2009
页数: 16,433页
开本: 25cm
丛书名:
单 册:
中图分类: F316.11
科图分类:
主题词: 粮食--问题--研究--世界 , 粮食 , 问题
电子资源:
ISBN: 978-7-5017-8877-4
000 01248nam0 2200265 45
005 20100303110630.09
010    @a978-7-5017-8877-4@dCNY58.00
100    @a20100121d2009 ekmy0chiy0120 ea
101 0  @achi
102    @aCN@b110000
105    @ay z 000yy
106    @ar
200 1  @a粮安天下@ALiang An Tian Xia@dFOOD SECURITY·GLOBAL STABILITY GLOBAL FOOD CRISIS AND FOOD SECURITY IN CHINA@e全球粮食危机与中国粮食安全@EQuan Qiu Liang Shi Wei Ji Yu Zhong Guo Liang Shi An Quan@f尹成杰著@FYin Cheng Jie Zhu@zeng
210    @a北京@c中国经济出版社@d2009
215    @a16,433页@d25cm
330    @a本书分上下两篇,上篇研究概述了全球粮食危机发生的危害、根源及消除粮食危机的政策路径与前景。下篇结合中国粮食生产与供求实际,就加快农业发展与“三农”工作理念创新、粮食生产重大跨越与加强农业基础、现代农业建设与粮食安全等问题作了分析和论述。
510 1  @aFOOD SECURITY·GLOBAL STABILITY GLOBAL FOOD CRISIS AND FOOD SECURITY IN CHINA@zeng
517 1  @a全球粮食危机与中国粮食安全@AQuan Qiu Liang Shi Wei Ji Yu Zhong Guo Liang Shi An Quan
606 0  @a粮食@x问题@x研究@y世界
606 0  @a粮食
606 0  @a问题
690    @aF316.11@v4
701  0 @a尹成杰@AYin Cheng Jie@4著
801  0 @aCN@bTANGWEI@c20100303
905    @b0585526-30@dF316.11@e9@f5
    
    粮安天下=FOOD SECURITY·GLOBAL STABILITY GLOBAL FOOD CRISIS AND FOOD SECURITY IN CHINA:全球粮食危机与中国粮食安全/尹成杰著.-北京:中国经济出版社,2009
    16,433页;25cm
    
    
    ISBN 978-7-5017-8877-4:CNY58.00
    本书分上下两篇,上篇研究概述了全球粮食危机发生的危害、根源及消除粮食危机的政策路径与前景。下篇结合中国粮食生产与供求实际,就加快农业发展与“三农”工作理念创新、粮食生产重大跨越与加强农业基础、现代农业建设与粮食安全等问题作了分析和论述。
●
相关链接 在E读中查询图书 在五车中查询图书 在当当中查询图书 在豆瓣中查询图书


正题名:粮安天下     索取号:F316.11/9         预约/预借

序号 登录号 条形码 馆藏地/架位号 状态 备注
1 0585526   205855261   第一样本阅览室/ [索取号:F316.11/9] 在馆    
2 0585527   205855270   密集书库-海洋学院/ [索取号:F316.11/9] 在馆    
3 0585528   205855289   第一借阅区/ [索取号:F316.11/9] 在馆    
4 0585529   205855298   第一借阅区/ [索取号:F316.11/9] 在馆    
5 0585530   205855305   第一借阅区/ [索取号:F316.11/9] 在馆    
唐山师范学院图书馆 欢迎您!
大连网信软件有限公司© 版权所有